Напряжения в бетоне и прогнозирование технических ресурсов в бетонных и железобетонных конструкциях и сооружениях

Podrobná bibliografie
Hlavní autor: Саммал О. Ю. Олав
Korporativní autor: Научно-исследовательский институт строительства
Jazyk:ruština
Vydáno: Таллин, Валгус, 1980
Témata:
Médium: MixedMaterials Kniha
KOHA link:https://koha.lib.tpu.ru/cgi-bin/koha/opac-detail.pl?biblionumber=370057

MARC

LEADER 00000nam0a2200000 4500
001 370057
005 20231102012237.0
035 |a (RuTPU)RU\TPU\retro\27465 
090 |a 370057 
100 |a 20220616d1980 km y0rusy50 ca 
101 0 |a rus 
102 |a EE 
105 |a a z 001zy 
200 1 |a Напряжения в бетоне и прогнозирование технических ресурсов в бетонных и железобетонных конструкциях и сооружениях  |f О. Ю. Саммал  |g Научно-исследовательский институт строительства 
210 |a Таллин  |c Валгус  |d 1980 
215 |a 206 с.  |c ил. 
320 |a Библиогр.: с.195-203 
606 1 |a Бетон и железобетон  |x Напряжения  |2 stltpush  |3 (RuTPU)RU\TPU\subj\28440  |9 51969 
610 1 |a прогнозирование 
610 1 |a железобетонные конструкции 
610 1 |a исторический очерк 
610 1 |a теория 
610 1 |a научные исследования 
610 1 |a напряженное состояние 
610 1 |a измерения 
675 |a 691.32:620.1  |v 4 
700 1 |a Саммал  |b О. Ю.  |g Олав 
712 0 2 |a Научно-исследовательский институт строительства  |2 stltpush  |3 (RuTPU)RU\TPU\col\11255  |9 24996 
801 1 |a RU  |b 63413507  |c 20220616 
942 |c BK